El arte de vivir /

En esta obra el autor expone una filosofía práctica de la educación misma que tiene que ver poco con las corrientes tradicionales en las escuelas y colegios. De manera que propone la libertad y el cambio, una revolución que no es de índole política o social: es una transformación de la propia mente,...

全面介紹

Guardado en:
書目詳細資料
主要作者: Krishnamurti, Jiddu (autor)
其他作者: Rajagopal, D. (edición) (edición)
格式: 圖書
語言:西班牙语
出版: Barcelona, España : Kairós, 2006, c2002
版:7a edición
叢編:(Sabiduría Perenne)
主題:
標簽: 添加標簽
沒有標簽, 成為第一個標記此記錄!

MARC

LEADER 00000nam^a2200000^a^4500
001 000187916
005 20250521000000.0
009 20260310102317.784
020 |a 84-7245-291-3 
037 |a Acervo ITESO - Biblioteca 
041 |a ESP 
082 |a 299. 934  |b KRI 
100 |a Krishnamurti, Jiddu  |e (autor) 
245 1 3 |a El arte de vivir /  |c J. Krishnamurti ; ed. de D. Rajagopal ; tr. por Armando Clavier. 
250 |a 7a edición 
264 4 |a Barcelona, España :  |b Kairós,  |c 2006, c2002 
300 |a 236 p. 
336 |a texto  |b txt  |2 rdacontenido 
337 |a sin mediación  |b n  |2 rdamedio 
338 |a volumen  |b nc  |2 rdasoporte 
440 1 |a (Sabiduría Perenne) 
500 |a Traducción de: Life Ahead 
520 |a En esta obra el autor expone una filosofía práctica de la educación misma que tiene que ver poco con las corrientes tradicionales en las escuelas y colegios. De manera que propone la libertad y el cambio, una revolución que no es de índole política o social: es una transformación de la propia mente, es una educación en el descondicionamiento y que apunta a un desarrollo total del ser humano. El libro esta dirigido especialmente a los jóvenes. 
649 |a XX 
650 |a Filosofía de la Educación 
650 |a Superación Personal y Autoayuda 
650 |a Teosofía 
650 |a Hinduismo 
650 |a Filosofía Hindú 
650 |a Filosofías Orientales 
650 |a Literatura Juvenil 
650 |a Educación 
700 |a Rajagopal, D.  |e (edición) 
910 |a Fondo General 
920 |a Impresos - Libros 
930 |a Colección General 
905 |a 101 
901 |a 0500195486  |b IT1  |c ACC  |u 20250521 
902 |a https://opac.biblio.iteso.mx/vufind/Record/000187916